000 01022nam a2200229Ii 4500
003 JO-AjNU
008 230605s9999||||xx |||||||||||||| ||und||
017 _a1994/9/927
040 _aJO-AjNU
_bara
_erda
_cJO-AjNU
041 _aara
050 1 4 _aHF 5655 .A7.M37 1994
100 3 _aتأليف: مطر، محمد/ م.مشارك: عبدالكريم زواتي,
_eauthor
_934016
245 0 0 _aالمحاسبة المتقدمة: حالات وتطبيقات عملية في المشاكل المحاسبية المعاصرة
250 _aط1
264 3 1 _aعمان، الكويت: دار حنين للنشر والتوزيع، مكتبة الفلاح للنشر والتوزيع، 1994
300 _a349ص
_bيحتوي على قاموس المصطلحات و ببلوغرافية من ص 341-349ص
336 _atext
_btxt
_2rdacontent
337 _aunmediated
_bn
_2rdamedia
338 _avolume
_bnc
_2rdacarrier
490 0 _aسلسلة كتب المحاسبة؛2
650 4 _aالمحاسبة المالية
_934017
999 _aA13903
_c17471
_d17471